[Event "64.Provinciale PD 2.Rocca di Monselice"]
[Site "Monselice"]
[Date "2004.02.07"]
[Round "3.6"]
[White "Xia, Jie"]
[Black "Opacic, Alexandar"]
[Result "1-0"]
[WhiteElo "1738"]
[BlackElo "2125"]
[Annotator "Gabriele Ballarin"]
[PlyCount "103"]
[EventDate "2004.02.06"]
[EventType "swiss"]
[EventRounds "5"]
[EventCountry "ITA"]

1. e4 c5 2. Nf3 e6 3. d4 cxd4 4. Nxd4 a6 5. Bd3 Nc6 6. Nxc6 dxc6 7. Be3 e5 8. Nd2 Be6 9. Nc4 Qf6 10. Qd2 h6 11. O-O Rd8 12. Qc3 Bd6 13. Nxd6+ Rxd6 14. f4 Rd7 15. f5 Rxd3 16. Qxd3 Bc8 17. Rad1 Qe7 18. Bb6 Bd7 19. Qd6 Qxd6 20. Rxd6 Nf6 21. Rfd1 Ke7 22. Bc5 Kd8 23. Re1 Kc7 24. Rd2 Re8 25. c4 b6 26. Bd6+ Kb7 27. b4 Kc8 28. h3 Kb7 29. Kf2 Bc8 30. Ke3 Nd7 31. c5 b5 32. g4 Nf6 33. Rg2 Nh7 34. h4 f6 35. Reg1 Bd7 36. g5 fxg5 37. hxg5 Nxg5 38. Rxg5 hxg5 39. Rxg5 Rh8 40. Bxe5 Rh3+ 41. Kd4 Be8 42. Rxg7+ Kc8 43. Rg3 Rh1 44. Bd6 Rh7 45. Ke5 Bf7 46. Kf6 Bxa2 47. Ra3 Bb1 48. e5 Rh5 49. Rxa6 Rxf5+ 50. Ke7 Be4 51. e6 Bd5 52. Rb6 1-0

[Event "64.Provinciale PD 2.Rocca di Monselice"]
[Site "Monselice"]
[Date "2004.02.07"]
[Round "3.7"]
[White "Rossato, Armando"]
[Black "Roberti, Ignazio"]
[Result "0-1"]
[WhiteElo "2116"]
[BlackElo "1994"]
[Annotator "Gabriele Ballarin"]
[PlyCount "97"]
[EventDate "2004.02.06"]
[EventType "swiss"]
[EventRounds "5"]
[EventCountry "ITA"]

1. d4 Nf6 2. Nf3 e6 3. e3 b6 4. Bd3 Bb7 5. Nbd2 d5 6. O-O Nbd7 7. b3 Be7 8. Bb2 O-O 9. c4 c5 10. Rc1 Rc8 11. Qe2 cxd4 12. exd4 Nh5 13. g3 Nhf6 14. Rfe1 Re8 15. a3 a5 16. Ng5 Bf8 17. Ngf3 Be7 18. Qf1 Bf8 19. Qh3 h6 20. Re3 Bd6 21. Rce1 Qe7 22. a4 Bb4 23. R1e2 Qf8 24. g4 Bd6 25. g5 Ne4 26. Nxe4 dxe4 27. Bxe4 Bxe4 28. Rxe4 Be7 29. Rg4 f5 30. Rg2 hxg5 31. Nxg5 Bxg5 32. Rxg5 Nf6 33. f3 Rc7 34. Qg3 Qf7 35. Qe5 Nh7 36. Rg3 Nf6 37. Reg2 Nh5 38. Rg6 Rd7 39. Rh6 Rf8 40. Rxe6 Nf4 41. d5 Nxg2 42. Kxg2 Qh5 43. Bc1 Qh4 44. Bf4 Rdf7 45. Bg3 Qd8 46. d6 Rd7 47. Re7 Rxe7 48. dxe7 Qd2+ 49. Kh3 0-1

[Event "64.Provinciale PD 2.Rocca di Monselice"]
[Site "Monselice"]
[Date "2004.02.07"]
[Round "3.8"]
[White "Rossi, Damiano"]
[Black "Ravenna, Gilberto"]
[Result "1-0"]
[WhiteElo "2002"]
[BlackElo "1902"]
[Annotator "Gabriele Ballarin"]
[PlyCount "65"]
[EventDate "2004.02.06"]
[EventType "swiss"]
[EventRounds "5"]
[EventCountry "ITA"]

1. d4 b5 2. Bf4 Bb7 3. e3 Nf6 4. Nf3 a6 5. c4 b4 6. c5 e6 7. a3 Nc6 8. Qb3 a5 9. Bb5 Na7 10. Ba4 Nd5 11. Bg3 Ba6 12. Ne5 Bb5 13. e4 Nf6 14. f3 d6 15. Bxb5+ Nxb5 16. Qa4 dxe5 17. Qxb5+ Nd7 18. Bxe5 Be7 19. Qc6 O-O 20. Bxc7 Qc8 21. axb4 Ra7 22. Rxa5 Rxc7 23. Qa4 Bf6 24. e5 Bg5 25. Nc3 Qb7 26. Ke2 Rb8 27. Rb5 Qc8 28. Ra1 Qd8 29. Rxb8 Qxb8 30. Qa8 g6 31. Qxb8+ Nxb8 32. Ra8 Rc8 33. b5 1-0

[Event "64.Provinciale PD 2.Rocca di Monselice"]
[Site "Monselice"]
[Date "2004.02.07"]
[Round "3.9"]
[White "Dal Zovo, Claudio"]
[Black "Marson, Luca"]
[Result "1/2-1/2"]
[WhiteElo "1822"]
[BlackElo "1756"]
[Annotator "Gabriele Ballarin"]
[PlyCount "67"]
[EventDate "2004.02.06"]
[EventType "swiss"]
[EventRounds "5"]
[EventCountry "ITA"]

1. d4 Nf6 2. Nf3 g6 3. e3 Bg7 4. b3 O-O 5. Bb2 d6 6. c4 c5 7. Be2 Ne4 8. O-O Nc6 9. Nbd2 f5 10. Bd3 Nxd2 11. Qxd2 e5 12. dxe5 dxe5 13. e4 f4 14. Rfd1 Qe7 15. Bc3 Nd4 16. Bxd4 exd4 17. a3 Bg4 18. Qe2 g5 19. Re1 Rae8 20. Rab1 Bxf3 21. Qxf3 Be5 22. b4 b6 23. bxc5 bxc5 24. Rb3 Rb8 25. Reb1 Rxb3 26. Rxb3 Rb8 27. Rxb8+ {=} Bxb8 28. Qg4 Bd6 29. h4 h6 30. hxg5 hxg5 31. Qf5 Be5 32. Qg6+ Kf8 33. Qc6 Kf7 34. f3 {=} 1/2-1/2

[Event "64.Provinciale PD 2.Rocca di Monselice"]
[Site "Monselice"]
[Date "2004.02.07"]
[Round "3.10"]
[White "Castellano, Alfonso"]
[Black "Quaranta, Cristiano"]
[Result "1/2-1/2"]
[WhiteElo "1922"]
[BlackElo "2031"]
[Annotator "Gabriele Ballarin"]
[PlyCount "48"]
[EventDate "2004.02.06"]
[EventType "swiss"]
[EventRounds "5"]
[EventCountry "ITA"]

1. c4 Nf6 2. g3 g6 3. Bg2 Bg7 4. Nc3 c6 5. e4 e5 6. Nge2 O-O 7. O-O d6 8. d3 Be6 9. b3 Qc8 10. Bb2 Bh3 11. Qc2 Bxg2 12. Kxg2 c5 13. Nd5 Nc6 14. f4 Nxd5 15. cxd5 Nd4 16. Nxd4 cxd4 17. Qe2 Qd7 18. f5 Qe7 19. Qf2 f6 20. g4 Rac8 21. Rac1 Qd7 22. Qd2 Rxc1 23. Rxc1 Rc8 24. Rc2 gxf5 1/2-1/2

[Event "64.Provinciale PD 2.Rocca di Monselice"]
[Site "Monselice"]
[Date "2004.02.07"]
[Round "3.11"]
[White "Rossi, Gianni"]
[Black "Zotti, Enrico"]
[Result "1-0"]
[WhiteElo "1784"]
[BlackElo "2051"]
[Annotator "Gabriele Ballarin"]
[PlyCount "75"]
[EventDate "2004.02.06"]
[EventType "swiss"]
[EventRounds "5"]
[EventCountry "ITA"]

1. d4 Nf6 2. f3 d5 3. e4 dxe4 4. Nc3 exf3 5. Nxf3 Bg4 6. h3 Bh5 7. g4 Bg6 8. Ne5 Nbd7 9. Nxg6 hxg6 10. Qf3 c6 11. Bf4 e6 12. O-O-O Be7 13. Bg2 Nd5 14. Kb1 g5 15. Bg3 Nxc3+ 16. Qxc3 Nf6 17. Qd2 Nd5 18. c4 Nb6 19. Qe2 O-O 20. Rhe1 Bf6 21. c5 Nd5 22. Bd6 Re8 23. Be4 a5 24. h4 a4 25. hxg5 Bxg5 26. Qh2 Bh6 27. g5 Qxg5 28. Rg1 Qe3 29. Rde1 Qd2 30. Re2 Qxd4 31. Be5 Qxc5 32. Bxg7 Bxg7 33. Reg2 Kf8 34. Rxg7 Ke7 35. Rf1 Rf8 36. Bxd5 exd5 37. Qc7+ Ke6 38. Re1+ 1-0

[Event "64.Provinciale PD 2.Rocca di Monselice"]
[Site "Monselice"]
[Date "2004.02.08"]
[Round "4.2"]
[White "Ventura, Boris"]
[Black "Djuric, Stefan"]
[Result "0-1"]
[WhiteElo "2186"]
[BlackElo "2487"]
[Annotator "Gabriele Ballarin"]
[PlyCount "72"]
[EventDate "2004.02.06"]
[EventType "swiss"]
[EventRounds "5"]
[EventCountry "ITA"]

1. e4 c5 2. Nf3 e6 3. d4 cxd4 4. Nxd4 a6 5. Be2 Nf6 6. Nc3 Qc7 7. O-O Bb4 8. Qd3 Nc6 9. a3 Bxc3 10. bxc3 Ne5 11. Qg3 O-O 12. Bh6 Ne8 13. h4 Kh8 14. Bf4 d6 15. h5 Bd7 16. Rfd1 Ba4 17. Rab1 h6 18. Rb4 b5 19. Qe3 Kh7 20. c4 a5 21. Nxb5 Bxb5 22. Rxb5 Nxc4 23. Qb3 Rc8 24. Bxc4 Qxc4 25. Qxc4 Rxc4 26. Rxa5 e5 27. Bd2 Nf6 28. Bb4 Rxe4 29. Rxd6 Rc8 30. Rd2 Re1+ 31. Kh2 Rc4 32. g3 e4 33. Rd8 Re2 34. Be7 Rxf2+ 35. Kg1 Rcxc2 36. Bxf6 e3 0-1

[Event "64.Provinciale PD 2.Rocca di Monselice"]
[Site "Monselice"]
[Date "2004.02.08"]
[Round "4.3"]
[White "Laketic, Gojko"]
[Black "Mrdja, Milan"]
[Result "0-1"]
[WhiteElo "2407"]
[BlackElo "2413"]
[Annotator "Gabriele Ballarin"]
[PlyCount "48"]
[EventDate "2004.02.06"]
[EventType "swiss"]
[EventRounds "5"]
[EventCountry "ITA"]

1. d4 d6 2. Nf3 g6 3. c4 Bg7 4. Nc3 Nd7 5. e4 a6 6. Be2 e5 7. O-O Ne7 8. Bg5 h6 9. Be3 g5 10. dxe5 dxe5 11. b4 O-O 12. c5 Ng6 13. g3 c6 14. Qd2 Re8 15. Bc4 Ndf8 16. Qxd8 Rxd8 17. Rfd1 Bg4 18. Rxd8 Rxd8 19. Nd2 Nf4 20. f3 Be6 21. Bxe6 N8xe6 22. Nc4 Rd3 23. Nd1 Rd7 24. Rb1 Ne2+ {Nur} 0-1

[Event "64.Provinciale PD 2.Rocca di Monselice"]
[Site "Monselice"]
[Date "2004.02.08"]
[Round "4.4"]
[White "Roberti, Ignazio"]
[Black "Cioara, Andrei Nestor"]
[Result "0-1"]
[WhiteElo "1994"]
[BlackElo "2361"]
[Annotator "Gabriele Ballarin"]
[PlyCount "72"]
[EventDate "2004.02.06"]
[EventType "swiss"]
[EventRounds "5"]
[EventCountry "ITA"]

1. e4 c6 2. d4 d5 3. e5 Bf5 4. Nf3 e6 5. Be2 Nd7 6. c3 Ne7 7. Nbd2 c5 8. Nf1 cxd4 9. cxd4 Nc6 10. Ng3 Bg6 11. a3 a5 12. b3 Be7 13. O-O O-O 14. Bd3 Bxd3 15. Qxd3 Nb6 16. Be3 a4 17. Rfb1 axb3 18. Qxb3 Nc4 19. a4 N6a5 20. Qd3 Qd7 21. Ng5 g6 22. h4 f6 23. Nf3 fxe5 24. dxe5 Rxf3 25. gxf3 Nxe5 26. Qd1 Bxh4 27. Kg2 Nec4 28. Bh6 Qf7 29. Qd4 Bf6 30. Qg4 Bxa1 31. Rxa1 Ne5 32. Qb4 Qxf3+ 33. Kh3 Nd3 34. Qd4 Nxf2+ 35. Kh4 e5 36. Qb4 d4 0-1

[Event "64.Provinciale PD 2.Rocca di Monselice"]
[Site "Monselice"]
[Date "2004.02.08"]
[Round "4.8"]
[White "Dallaglio, Giovanni"]
[Black "Dal Zovo, Claudio"]
[Result "0-1"]
[WhiteElo "2023"]
[BlackElo "1822"]
[Annotator "Gabriele Ballarin"]
[PlyCount "52"]
[EventDate "2004.02.06"]
[EventType "swiss"]
[EventRounds "5"]
[EventCountry "ITA"]

1. d4 Nf6 2. Nf3 d6 3. Nc3 c6 4. e4 Qc7 5. g3 e5 6. Bg2 Be7 7. O-O O-O 8. a4 Bg4 9. h3 Bh5 10. Be3 Nbd7 11. g4 Bg6 12. Nh4 Nb6 13. Nxg6 hxg6 14. Qe2 Nbd7 15. Rfd1 Rfd8 16. Rd2 Nf8 17. f4 Ne6 18. f5 gxf5 19. gxf5 Nxd4 20. Bxd4 exd4 21. Rxd4 Nd7 22. Rd3 Ne5 23. Rg3 Bh4 24. Rg4 Nxg4 25. Qxg4 Bf6 26. Ra3 Qb6+ 0-1

[Event "64.Provinciale PD 2.Rocca di Monselice"]
[Site "Monselice"]
[Date "2004.02.08"]
[Round "4.9"]
[White "Marson, Luca"]
[Black "Rossi, Gianni"]
[Result "0-1"]
[WhiteElo "1756"]
[BlackElo "1784"]
[Annotator "Gabriele Ballarin"]
[PlyCount "54"]
[EventDate "2004.02.06"]
[EventType "swiss"]
[EventRounds "5"]
[EventCountry "ITA"]

1. e4 Nf6 2. e5 Nd5 3. d4 d6 4. Nf3 g6 5. c4 Nb6 6. Be2 Bg7 7. O-O Nc6 8. exd6 cxd6 9. Be3 O-O 10. h3 Bf5 11. Nc3 d5 12. c5 Nc4 13. Bxc4 dxc4 14. a3 Bd3 15. Ne2 e5 16. Nxe5 Nxe5 17. dxe5 Bxe5 18. Qd2 Qc7 19. Rfe1 Rfd8 20. Qb4 a5 21. Qb5 c3 22. Qb3 cxb2 23. Rad1 b1=Q 24. Rxb1 Bxb1 25. Rxb1 Rd7 26. f4 Bg7 27. Nc3 Rd3 0-1

[Event "64.Provinciale PD 2.Rocca di Monselice"]
[Site "Monselice"]
[Date "2004.02.08"]
[Round "4.10"]
[White "Zotti, Enrico"]
[Black "Castellano, Alfonso"]
[Result "1-0"]
[WhiteElo "2051"]
[BlackElo "1922"]
[Annotator "Gabriele Ballarin"]
[PlyCount "65"]
[EventDate "2004.02.06"]
[EventType "swiss"]
[EventRounds "5"]
[EventCountry "ITA"]

1. Nf3 Nf6 2. b4 d6 3. d4 g6 4. Bb2 Bg7 5. Nbd2 d5 6. e3 O-O 7. c4 c6 8. a4 Bf5 9. h3 Nbd7 10. g4 Be6 11. Ng5 Rc8 12. c5 Qe8 13. Bd3 Nb8 14. f4 Bd7 15. Qb3 Qd8 16. O-O-O a5 17. b5 cxb5 18. axb5 Qe8 19. Rde1 Qd8 20. Kb1 Be8 21. f5 Nbd7 22. e4 dxe4 23. Ndxe4 Bh6 24. fxg6 hxg6 25. h4 Nxe4 26. Bxe4 b6 27. c6 Nf6 28. Bxg6 Kg7 29. Bf5 Rc7 30. d5 a4 31. Qc4 Ra7 32. Ne4 a3 33. Bd4 1-0

[Event "64.Provinciale PD 2.Rocca di Monselice"]
[Site "Monselice"]
[Date "2004.02.08"]
[Round "5.2"]
[White "Mrdja, Milan"]
[Black "Cioara, Andrei Nestor"]
[Result "1/2-1/2"]
[WhiteElo "2413"]
[BlackElo "2361"]
[Annotator "Gabriele Ballarin"]
[PlyCount "24"]
[EventDate "2004.02.06"]
[EventType "swiss"]
[EventRounds "5"]
[EventCountry "ITA"]

1. e4 c5 2. Nf3 g6 3. c4 Bg7 4. Nc3 Nc6 5. d3 d6 6. Be2 e6 7. O-O Nge7 8. Re1 O-O 9. Bf1 Nd4 10. Nxd4 cxd4 11. Nb1 e5 12. f4 f5 {=} 1/2-1/2

[Event "64.Provinciale PD 2.Rocca di Monselice"]
[Site "Monselice"]
[Date "2004.02.08"]
[Round "5.4"]
[White "Cedriano, Filippo"]
[Black "Xia, Jie"]
[Result "0-1"]
[WhiteElo "1801"]
[BlackElo "1738"]
[Annotator "Gabriele Ballarin"]
[PlyCount "78"]
[EventDate "2004.02.06"]
[EventType "swiss"]
[EventRounds "5"]
[EventCountry "ITA"]

1. d4 Nf6 2. c4 g6 3. Nc3 Bg7 4. e4 O-O 5. Nf3 d6 6. Be2 c5 7. dxc5 dxc5 8. Qxd8 Rxd8 9. Be3 Na6 10. O-O h6 11. h3 Be6 12. Rfd1 b6 13. e5 Nd7 14. Bf4 Nf8 15. Nd5 Rd7 16. Rd2 g5 17. Bg3 Ng6 18. Rad1 Rad8 19. a3 Nb8 20. Bd3 Nc6 21. Bxg6 fxg6 22. b3 Kf7 23. b4 Bf5 24. b5 Na5 25. Ne3 Rxd2 26. Rxd2 Rxd2 27. Nxd2 Ke6 28. Nd5 Bd3 29. Nc7+ Kd7 30. e6+ Kd8 31. Na8 Nxc4 32. Bc7+ Ke8 33. Nxc4 Bxc4 34. Nxb6 axb6 35. Bxb6 Bxb5 36. Bxc5 Bc4 37. a4 Bxe6 38. a5 Bc4 39. Bb6 Kd7 0-1

[Event "64.Provinciale PD 2.Rocca di Monselice"]
[Site "Monselice"]
[Date "2004.02.08"]
[Round "5.5"]
[White "Rossi, Gianni"]
[Black "Laketic, Gojko"]
[Result "1-0"]
[WhiteElo "1784"]
[BlackElo "2407"]
[Annotator "Gabriele Ballarin"]
[PlyCount "45"]
[EventDate "2004.02.06"]
[EventType "swiss"]
[EventRounds "5"]
[EventCountry "ITA"]

1. d4 f5 2. e4 fxe4 3. Nc3 Nf6 4. f3 exf3 5. Nxf3 e6 6. Bc4 Bb4 7. O-O O-O 8. Bg5 d5 9. Bd3 c5 10. a3 Bxc3 11. bxc3 c4 12. Be2 Nc6 13. Qe1 Qc7 14. Qh4 Ne4 15. Bd2 Qa5 16. Ng5 Rxf1+ 17. Rxf1 Nxg5 18. Qxg5 Bd7 19. Qf4 Qd8 20. Qf7+ Kh8 21. Bg5 Qe8 22. Bh5 Qc8 23. Bh6 1-0

[Event "64.Provinciale PD 2.Rocca di Monselice"]
[Site "Monselice"]
[Date "2004.02.08"]
[Round "5.6"]
[White "Rossato, Armando"]
[Black "Ventura, Boris"]
[Result "1-0"]
[WhiteElo "2116"]
[BlackElo "2186"]
[Annotator "Gabriele Ballarin"]
[PlyCount "60"]
[EventDate "2004.02.06"]
[EventType "swiss"]
[EventRounds "5"]
[EventCountry "ITA"]

1. d4 Nf6 2. Nf3 g6 3. Nc3 Bg7 4. e4 d6 5. Be3 O-O 6. Qd2 c6 7. a4 Ng4 8. Bf4 e5 9. dxe5 Nxe5 10. Nxe5 dxe5 11. Qxd8 Rxd8 12. Be3 Be6 13. a5 f5 14. f3 Na6 15. Bxa6 bxa6 16. b3 Bf8 17. Ra4 Rab8 18. Ke2 Rb7 19. Rd1 Rxd1 20. Nxd1 f4 21. Bd2 g5 22. Nf2 h5 23. Nd3 Bd6 24. Bb4 Bb8 25. Nc5 Rxb4 26. Rxb4 Bd6 27. Nxa6 Bc8 28. Rb8 Bxb8 29. Nxb8 c5 30. Nc6 c4 1-0

[Event "64.Provinciale PD 2.Rocca di Monselice"]
[Site "Monselice"]
[Date "2004.02.08"]
[Round "5.7"]
[White "Roberti, Ignazio"]
[Black "Rossi, Damiano"]
[Result "0-1"]
[WhiteElo "1994"]
[BlackElo "2002"]
[Annotator "Gabriele Ballarin"]
[PlyCount "78"]
[EventDate "2004.02.06"]
[EventType "swiss"]
[EventRounds "5"]
[EventCountry "ITA"]

1. Nf3 e6 2. b3 Be7 3. Bb2 Bf6 4. Nc3 d5 5. e3 c5 6. Be2 Ne7 7. Na4 Bxb2 8. Nxb2 Nbc6 9. O-O O-O 10. Bd3 Ng6 11. Na4 Qd6 12. h4 Nce5 13. Ng5 Nxd3 14. cxd3 h6 15. Nf3 Bd7 16. Nc3 e5 17. h5 Ne7 18. Nh2 f5 19. f4 d4 20. fxe5 Qxe5 21. Nf3 Qd6 22. Ne2 Bb5 23. exd4 Bxd3 24. dxc5 Qxc5+ 25. Kh1 Qb5 26. Nc3 Qe8 27. Re1 Qxh5+ 28. Kg1 Nc6 29. Nd5 Be4 30. Nf4 Qg4 31. Ne6 Rf6 32. Nc5 Rg6 33. Qe2 Bxf3 34. Qc4+ Qxc4 35. bxc4 Rxg2+ 36. Kf1 Rxd2 37. Nxb7 Nd4 38. Re7 Bg2+ 39. Kg1 Nf3# 0-1

[Event "64.Camp. Veneto Quarti di Finale"]
[Site "Arquà Petrarca ITA"]
[Date "2004.05.08"]
[Round "1.1"]
[White "Canazza, Alessandro"]
[Black "Cacco, Christian"]
[Result "0-1"]
[WhiteElo "1772"]
[BlackElo "2319"]
[Annotator "Gabriele Ballarin"]
[PlyCount "114"]
[EventDate "2004.05.08"]
[EventType "swiss"]
[EventRounds "6"]
[EventCountry "ITA"]

1. Nf3 g6 2. g3 Bg7 3. Bg2 e5 4. d3 d5 5. O-O Ne7 6. c4 c6 7. Nbd2 O-O 8. Rb1 a5 9. Qa4 Bd7 10. cxd5 cxd5 11. Qh4 Nbc6 12. Nb3 b6 13. Bh6 Bxh6 14. Qxh6 Nf5 15. Qg5 a4 16. Qxd8 Rfxd8 17. Nbd2 f6 18. Rfc1 Nfe7 19. Rc3 Be6 20. b4 axb3 21. Rcxb3 e4 22. Ne1 Rxa2 23. R3b2 Rxb2 24. Rxb2 exd3 25. Nxd3 Rb8 26. Nf4 Kf7 27. e3 b5 28. h4 g5 29. hxg5 fxg5 30. Nd3 b4 31. f4 h6 32. e4 Kf6 33. fxg5+ hxg5 34. exd5 Bxd5 35. Bxd5 Nxd5 36. Nc5 Rb5 37. Ncb3 Nc3 38. Kg2 g4 39. Kf1 Rf5+ 40. Kg2 Nd1 41. Ra2 Ne3+ 42. Kg1 Ke6 43. Ra6 Kd7 44. Ra8 Rd5 45. Kf2 Nf5 46. Rg8 Ne5 47. Rb8 Nd3+ 48. Kg2 Re5 49. Rg8 Re2+ 50. Kg1 Re1+ 51. Kh2 Ne3 52. Rf8 Ke7 53. Rg8 Nf2 54. Nf1 Rxf1 55. Rg7+ Kf8 56. Rg6 Kf7 57. Nd2 Rh1# 0-1

[Event "64.Camp. Veneto Quarti di Finale"]
[Site "Arquà Petrarca ITA"]
[Date "2004.05.08"]
[Round "1.2"]
[White "Lain, Luigi"]
[Black "Zangrando, Gianpietro"]
[Result "1-0"]
[WhiteElo "2235"]
[BlackElo "1768"]
[Annotator "Gabriele Ballarin"]
[PlyCount "57"]
[EventDate "2004.05.08"]
[EventType "swiss"]
[EventRounds "6"]
[EventCountry "ITA"]

1. d4 d5 2. c4 c6 3. Nc3 Nf6 4. Nf3 e6 5. Bg5 Nbd7 6. e3 Qa5 7. Nd2 dxc4 8. Bxf6 Nxf6 9. Bxc4 Qg5 10. O-O h5 11. f4 Qh6 12. e4 h4 13. Qb3 Ng4 14. Rae1 Bd6 15. e5 Be7 16. h3 Qg6 17. hxg4 Qxg4 18. Be2 Qg6 19. Nce4 h3 20. g3 a5 21. Kh2 a4 22. Qc3 Kf8 23. Bd3 Qh6 24. Nc4 g5 25. fxg5 Bxg5 26. Ncd6 f5 27. exf6 Rg8 28. Qc5 b6 29. Qxc6 1-0

[Event "64.Camp. Veneto Quarti di Finale"]
[Site "Arquà Petrarca ITA"]
[Date "2004.05.08"]
[Round "1.3"]
[White "Danese, Aldo"]
[Black "Mileto, Gabriele"]
[Result "1/2-1/2"]
[WhiteElo "1760"]
[BlackElo "2206"]
[Annotator "Gabriele Ballarin"]
[PlyCount "85"]
[EventDate "2004.05.08"]
[EventType "swiss"]
[EventRounds "6"]
[EventCountry "ITA"]

1. f4 g6 2. Nf3 Bg7 3. e3 d6 4. d4 Nc6 5. Nc3 Nf6 6. Be2 O-O 7. O-O Bf5 8. a3 e5 9. d5 Ne7 10. Nh4 Bc8 11. fxe5 dxe5 12. e4 Ne8 13. Nf3 h6 14. Be3 f5 15. Bc4 Nd6 16. Bd3 fxe4 17. Nxe4 Nxd5 18. Bc5 Ne7 19. Qe2 b6 20. Bb4 Nef5 21. Rad1 Bb7 22. a4 Kh7 23. Bd2 Qe7 24. c3 a5 25. Bc1 Rad8 26. Rfe1 Nxe4 27. Bxe4 Bxe4 28. Qxe4 Rxd1 29. Rxd1 Rd8 30. Re1 Qc5+ 31. Kf1 Qd5 32. Nd2 Qxe4 33. Nxe4 Kg8 34. g3 Kf7 35. Ke2 Ke6 36. b3 Bf8 37. Rf1 Be7 38. g4 Nd6 39. Nxd6 cxd6 40. Bxh6 Rh8 41. g5 d5 42. Kd3 e4+ 43. Kd2 1/2-1/2

[Event "64.Camp. Veneto Quarti di Finale"]
[Site "Arquà Petrarca ITA"]
[Date "2004.05.08"]
[Round "1.4"]
[White "Ventura, Boris"]
[Black "Calicchia, Giovanni"]
[Result "1-0"]
[WhiteElo "2186"]
[BlackElo "1760"]
[Annotator "Gabriele Ballarin"]
[PlyCount "49"]
[EventDate "2004.05.08"]
[EventType "swiss"]
[EventRounds "6"]
[EventCountry "ITA"]

1. e4 c5 2. Nf3 Nc6 3. d4 cxd4 4. Nxd4 Qc7 5. Nc3 e6 6. Be3 a6 7. Be2 Nf6 8. O-O Be7 9. f4 d6 10. Qe1 Nxd4 11. Bxd4 e5 12. fxe5 dxe5 13. Qg3 Bc5 14. Bxc5 Qxc5+ 15. Kh1 Kf8 16. Nd5 Nxd5 17. Qxe5 Bd7 18. exd5 Re8 19. Qf4 f6 20. Bc4 Bb5 21. Bxb5 Qxb5 22. Rad1 Qd7 23. d6 Re6 24. Rfe1 g5 25. Qb4 1-0

[Event "64.Camp. Veneto Quarti di Finale"]
[Site "Arquà Petrarca ITA"]
[Date "2004.05.08"]
[Round "1.5"]
[White "Ferrari, Mario"]
[Black "Giuriati, Paolo"]
[Result "0-1"]
[WhiteElo "1759"]
[BlackElo "2185"]
[Annotator "Gabriele Ballarin"]
[PlyCount "94"]
[EventDate "2004.05.08"]
[EventType "swiss"]
[EventRounds "6"]
[EventCountry "ITA"]

1. e4 c6 2. Nc3 d5 3. Nf3 Bg4 4. h3 Bxf3 5. Qxf3 e6 6. e5 Nd7 7. d4 c5 8. Bf4 cxd4 9. Nb5 Qa5+ 10. Kd1 Qb6 11. Bd3 a6 12. Nd6+ Bxd6 13. exd6 Ngf6 14. g4 O-O-O 15. Re1 Nc5 16. a4 Nfe4 17. Rxe4 dxe4 18. Bxe4 Nxe4 19. Qxe4 Qc6 20. Qxd4 f6 21. Qa7 e5 22. Ra3 Qxd6+ 23. Rd3 Qb8 24. Qc5+ Qc7 25. Be3 Rxd3+ 26. cxd3 Qxc5 27. Bxc5 h5 28. g5 fxg5 29. Bd6 Rd8 30. Bxe5 Rxd3+ 31. Ke2 Rxh3 32. Bxg7 Kd7 33. f3 Ke6 34. Kf2 Rh2+ 35. Kg3 Rc2 36. a5 Kf5 37. Bh8 h4+ 38. Kh3 Kf4 39. Bf6 Rc5 40. b4 Rf5 41. Be7 Kxf3 42. Bd6 Rf7 43. Be5 Rh7 44. Bd6 g4+ 45. Kh2 Rd7 46. Bc5 Rd1 47. Be7 g3+ 0-1

[Event "64.Camp. Veneto Quarti di Finale"]
[Site "Arquà Petrarca ITA"]
[Date "2004.05.08"]
[Round "1.7"]
[White "Ballarin, Gabriele"]
[Black "Pechy, Alaster"]
[Result "1-0"]
[WhiteElo "1754"]
[BlackElo "2138"]
[Annotator "Gabriele Ballarin"]
[PlyCount "73"]
[EventDate "2004.05.08"]
[EventType "swiss"]
[EventRounds "6"]
[EventCountry "ITA"]
[SourceTitle "Inf 17"]

1. e4 c5 2. Nf3 Nc6 3. d4 cxd4 4. Nxd4 Nf6 5. Nc3 e5 6. Ndb5 d6 7. Bg5 a6 8. Na3 b5 9. Nd5 Be7 10. Nxe7 Nxe7 11. Bxf6 gxf6 12. c4 O-O 13. cxb5 f5 14. Bd3 d5 15. exd5 Qxd5 16. O-O Bb7 17. f3 axb5 18. Qe2 Qd4+ 19. Kh1 e4 20. fxe4 fxe4 21. Bxb5 Ng6 22. Rad1 Qe5 23. Rd7 Bc8 24. Rd2 Be6 25. Bc6 f5 26. Bxa8 Rxa8 27. Nc4 Qc5 28. b3 Rf8 29. Rd6 Rf6 30. Rd8+ Kg7 31. Qd2 Bxc4 32. bxc4 Qxc4 33. Rc1 Qe6 34. Rc7+ Rf7 35. Rxf7+ Qxf7 36. Rd7 Ne7 37. Qg5+ 1-0

[Event "64.Camp. Veneto Quarti di Finale"]
[Site "Arquà Petrarca ITA"]
[Date "2004.05.08"]
[Round "1.8"]
[White "Roberti, Ignazio"]
[Black "Navarro, Tommaso"]
[Result "1-0"]
[WhiteElo "1992"]
[BlackElo "1685"]
[Annotator "Gabriele Ballarin"]
[PlyCount "75"]
[EventDate "2004.05.08"]
[EventType "swiss"]
[EventRounds "6"]
[EventCountry "ITA"]

1. e4 e5 2. Nf3 Nc6 3. Bb5 a6 4. Ba4 d6 5. c3 b5 6. Bb3 Be7 7. d3 Nf6 8. Nbd2 O-O 9. O-O Na5 10. Bc2 c5 11. Re1 Re8 12. Nf1 Bf8 13. Ng3 g6 14. a4 Bb7 15. h4 Qb6 16. h5 Rac8 17. Bg5 Ng4 18. Nh4 Nh6 19. Qd2 Ng4 20. hxg6 fxg6 21. Bd1 Rc7 22. Bxg4 Nb3 23. Qe3 Nxa1 24. Rxa1 Bc8 25. Bxc8 Rexc8 26. Bf6 Rf7 27. Qg5 Bg7 28. Nh5 gxh5 29. Nf5 Rcf8 30. Bxg7 Rxf5 31. exf5 Rf7 32. Bxe5+ Kf8 33. Qh6+ Ke7 34. Qe6+ Kf8 35. Bxd6+ Kg8 36. Qe8+ Kg7 37. Be5+ Rf6 38. Qe7+ 1-0

[Event "64.Camp. Veneto Quarti di Finale"]
[Site "Arquà Petrarca ITA"]
[Date "2004.05.08"]
[Round "1.8"]
[White "Rossato, Armando"]
[Black "Negro, Raffaele"]
[Result "1-0"]
[WhiteElo "2116"]
[BlackElo "1751"]
[Annotator "Gabriele Ballarin"]
[PlyCount "69"]
[EventDate "2004.05.08"]
[EventType "swiss"]
[EventRounds "6"]
[EventCountry "ITA"]

1. c4 d6 2. Nc3 f5 3. Nf3 Nf6 4. d4 g6 5. g3 Bg7 6. Bg2 O-O 7. O-O c6 8. Rb1 a5 9. b3 Qe8 10. Ba3 Na6 11. Na4 Nd7 12. Qd2 Nc7 13. Rbc1 h6 14. Rfe1 Qf7 15. e4 fxe4 16. Rxe4 Nf6 17. Re3 Bg4 18. h3 Bxf3 19. Bxf3 Rfe8 20. Rce1 h5 21. Qe2 Bf8 22. Nc3 Nd7 23. d5 c5 24. Bg2 Rab8 25. Ne4 e5 26. dxe6 Rxe6 27. Ng5 Rxe3 28. Qxe3 Bh6 29. Nxf7 Bxe3 30. Nxd6 Bxf2+ 31. Kxf2 b6 32. Re7 Rd8 33. Bb2 Nf6 34. Bxf6 Rxd6 35. Rg7+ 1-0

[Event "64.Camp. Veneto Quarti di Finale"]
[Site "Arquà Petrarca ITA"]
[Date "2004.05.08"]
[Round "1.9"]
[White "Morganti, Lionello"]
[Black "Navarro, Stefano"]
[Result "0-1"]
[WhiteElo "1739"]
[BlackElo "2115"]
[Annotator "Gabriele Ballarin"]
[PlyCount "52"]
[EventDate "2004.05.08"]
[EventType "swiss"]
[EventRounds "6"]
[EventCountry "ITA"]

1. e4 e5 2. Nf3 Nc6 3. d4 exd4 4. Nxd4 Nf6 5. Nc3 Bc5 6. Be3 Nxd4 7. Bxd4 Qe7 8. Bxc5 Qxc5 9. Bd3 O-O 10. O-O d6 11. h3 Re8 12. Re1 Bd7 13. Qd2 Bc6 14. Re3 Re6 15. Rae1 Rae8 16. Kf1 b5 17. a3 a5 18. f3 d5 19. exd5 Rxe3 20. Rxe3 Rxe3 21. dxc6 Re8 22. Bxb5 Nh5 23. Qf2 Qg5 24. Be2 Ng3+ 25. Kg1 Qc1+ 26. Kh2 Nxe2 0-1